| 000 | 00361nam a2200145 a 4500 | ||
|---|---|---|---|
| 001 | 4324 | ||
| 003 | CDMR | ||
| 005 | 20130403102628.0 | ||
| 008 | 130130s1994||||||||||||||||||||||||||||d | ||
| 020 | _a8487729150 | ||
| 040 |
_aCDMR _bcat _cCDMR |
||
| 245 | 0 | 0 |
_aDirectori de la comunicació agrària _cAgroprés |
| 260 |
_aBarcelona _c1994 _bAgroprés |
||
| 942 |
_cMON _2udc |
||
| 999 |
_c4324 _d4324 |
||